LEADER 01276nam0 22002891i 450 001 VAN00011099 005 20240806100247.77 010 $a88-217-1336-9 020 $aIT$b2000 11231 100 $a20030102d2000 |0itac50 ba 101 $aita 102 $aIT 105 $a|||| ||||| 200 1 $aCommentario alla legge sull'amministrazione straordinaria delle grandi imprese insolventi$eLegge 30 luglio 1998, n. 274 e D. lgs. 8 luglio 1999, n. 270$fGiovanni Lo Cascio 210 $a[Milanofiori, Assago]$cIPSOA$d[2000] 215 $aXIII, 571 p.$d25 cm. 606 $aImprese$xAmministrazione straordinaria$xLegislazione$3VANC006050$2FI 620 $dMilanofiori, Assago$3VANL000012 676 $a346.45078$cFallimento. Italia$v21 700 1$aLo Cascio$bGiovanni$3VANV001537$0112104 712 $aIPSOA $3VANV107907$4650 801 $aIT$bSOL$c20240906$gRICA 899 $aBIBLIOTECA DEL DIPARTIMENTO DI GIURISPRUDENZA$1IT-CE0105$2VAN00 912 $aVAN00011099 950 $aBIBLIOTECA DEL DIPARTIMENTO DI GIURISPRUDENZA$d00CONS VI.D.15 $e00 18544 20030102 996 $aCommentario alla legge sull'amministrazione straordinaria delle grandi imprese insolventi$9881094 997 $aUNICAMPANIA